Studies in Indian economic problems. (Record no. 1216)
[ view plain ]
| 000 -LEADER | |
|---|---|
| fixed length control field | 00484cam a2200181ua 4500 |
| 008 - FIXED-LENGTH DATA ELEMENTS--GENERAL INFORMATION | |
| fixed length control field | 110702n ii |||gr||||Z||||||eng |
| 040 ## - CATALOGING SOURCE | |
| Transcribing agency | MAIN |
| 082 ## - DEWEY DECIMAL CLASSIFICATION NUMBER | |
| Classification number | 330.954 |
| 100 ## - MAIN ENTRY--PERSONAL NAME | |
| Personal name | Ganguli, Chittatosh., |
| 245 ## - TITLE STATEMENT | |
| Title | Studies in Indian economic problems. |
| Statement of responsibility, etc. | By Chittatosh Ganguli. |
| 250 ## - EDITION STATEMENT | |
| Edition statement | 1st. |
| 260 ## - PUBLICATION, DISTRIBUTION, ETC. | |
| Place of publication, distribution, etc. | Calcutta.: |
| Name of publisher, distributor, etc. | Bani sri press.,967. |
| 300 ## - PHYSICAL DESCRIPTION | |
| Extent | xi, 73 p.: |
| Dimensions | 20 cm. |
| 942 ## - ADDED ENTRY ELEMENTS (KOHA) | |
| Koha item type | Books |
| 653 ## - INDEX TERM--UNCONTROLLED | |
| Uncontrolled term | Economics. |
| 653 ## - INDEX TERM--UNCONTROLLED | |
| Uncontrolled term | Studies in Indian economic problem. |
| Withdrawn status | Lost status | Damaged status | Not for loan | Home library | Current library | Shelving location | Date acquired | Total Checkouts | Full call number | Barcode | Date last seen | Copy number | Price effective from | Koha item type |
|---|---|---|---|---|---|---|---|---|---|---|---|---|---|---|
| Central Library, Naharkatiya College | Central Library, Naharkatiya College | General Stacks | 19/09/2020 | 330.954 | GAN | 2026 | 19/09/2020 | 2 | 19/09/2020 | Books | |||||
| Central Library, Naharkatiya College | Central Library, Naharkatiya College | General Stacks | 19/09/2020 | 330.954 | GAN | 2037 | 19/09/2020 | 1 | 19/09/2020 | Books |
